000
00239nam a2200097Ia 4500
001
688086
005
20250826161608.0
008
250824s9999 xx 000 0 und d
245
0
_a
OLIVER TWIST
_c
CHARLES DİCKENS
260
_b
TİMAŞ YAYINLARI
999
_c
688086
_d
688086